000
00302nam a22001337a 4500
008
170619b xxu||||| |||| 00| 0 eng d
020
_a
0813302838
041
_a
eng
080
_a
94(100)
100
_a
16
101
_a
SHH
245
_a
THE IMPERIALIST REVOLUTIONARIES
_c
WATSON,H.S
942
_2
udc
_c
BK
999
_c
18127
_d
18127